Statistics for 各ひらがな別・日本で最も人口の多い市区町村

Click here to take the quiz!

General Stats

  • This quiz has been taken 113 times
  • The average score is 34 of 60

Answer Stats

読みの最初の文字国勢調査人口(2015)Answer% Correct
3724844横浜市
98%
2691185大阪市
98%
1475213川崎市
97%
1538681福岡市
97%
2295638名古屋市
97%
1537272神戸市
95%
971882千葉市
93%
1575183京都市
93%
1194034広島市
93%
1082159仙台市
93%
1952356札幌市
91%
797980浜松市
90%
810157新潟市
90%
704989静岡市
88%
740822熊本市
86%
406735岐阜市
79%
364154和歌山市
78%
670122足立区
78%
122138別府市
76%
721722練馬区
74%
514865松山市
72%
518594宇都宮市
71%
195633沼津市
67%
3777比布町
66%
561916板橋区
64%
279886津市
64%
681298江戸川区
62%
563997杉並区
57%
42090郡上市
53%
22221留萌市
53%
64988気仙沼市
52%
153583野田市
52%
57425逗子市
50%
81100蒲郡市
50%
277622目黒区
48%
33585下呂市
48%
422542豊田市
43%
297631盛岡市
43%
128737座間市
43%
420748高松市
41%
219724文京区
38%
123217大東市
34%
10536六ヶ所村
33%
401138宮崎市
33%
144730武蔵野市
33%
54087坂東市
31%
7739苓北町
31%
32927善通寺市
31%
196987上越市
28%
35179備前市
28%
78342龍ケ崎市
26%
1743道志村
26%
268800八尾市
24%
247034草加市
22%
79927由利本荘市
22%
71346碧南市
22%
18341嵐山町
22%
88078御殿場市
19%
67398天理市
19%
115942防府市
14%

Score Distribution

Percentile by Number Answered

Percent of People with Each Score

Your Score History

You have not taken this quiz